<?xml version="1.0" encoding="UTF-8"?>
<record
    xmlns:xsi="http://www.w3.org/2001/XMLSchema-instance"
    xsi:schemaLocation="http://www.loc.gov/MARC21/slim http://www.loc.gov/standards/marcxml/schema/MARC21slim.xsd"
    xmlns="http://www.loc.gov/MARC21/slim">

  <leader>01734    a2200229   4500</leader>
  <controlfield tag="001">47193</controlfield>
  <controlfield tag="005">20260407155740.0</controlfield>
  <controlfield tag="008">260407a1994    arg                 spa d</controlfield>
  <controlfield tag="003">AR-UNSa-BCEJYS</controlfield>
  <datafield tag="040" ind1=" " ind2=" ">
    <subfield code="a">AR-UNSa-BCEJYS</subfield>
    <subfield code="b">spa</subfield>
    <subfield code="c">AR-UNSa-BCEJYS</subfield>
  </datafield>
  <datafield tag="080" ind1=" " ind2=" ">
    <subfield code="a">330.342.22</subfield>
    <subfield code="x">Econom&#xED;a en desarrollo. Econom&#xED;a en industrializaci&#xF3;n
</subfield>
  </datafield>
  <datafield tag="245" ind1="1" ind2="0">
    <subfield code="a">Fundamentos de econom&#xED;a y organizaci&#xF3;n industrial</subfield>
  </datafield>
  <datafield tag="020" ind1=" " ind2=" ">
    <subfield code="a">84-481-0169-3</subfield>
  </datafield>
  <datafield tag="264" ind1=" " ind2="1">
    <subfield code="a">Madrid :</subfield>
    <subfield code="b">McGraw-Hill</subfield>
    <subfield code="c">1994</subfield>
  </datafield>
  <datafield tag="300" ind1=" " ind2=" ">
    <subfield code="a">397 p.</subfield>
    <subfield code="c">24 cm.</subfield>
  </datafield>
  <datafield tag="505" ind1=" " ind2=" ">
    <subfield code="a">Primera Parte : UN ENFOQUE ESTRAT&#xC9;GICO DEL ENTORNO INDUSTRIAL : CONDICIONES AMBIENTALES : 1. Internacionalizaci&#xF3;n e integraci&#xF3;n econ&#xF3;mica mundial - 2. Prospectiva y diagn&#xF3;stico estrat&#xE9;gico global - 3. El poder de las organizaciones - 4. El condicionante de la tecnolog&#xED;a  -- Segunda Parte : LAS CONFIGURACIONES ESTRUCTURALES : 5. Estructuras de mercado y tipos de competencia - 6. El medio espec&#xED;fico de las empresas - 7. Las barreras a la libre competencia - 8. La concentraci&#xF3;n econ&#xF3;mica - 9. Las estructuraciones de los mercados globales - 10. Sector privado, versus sector p&#xFA;blico - 11. Efectos estructurantes de la pol&#xED;tica industrial  -- Tercera Parte : DIMENSIONES ESTR&#xC1;TEGICAS DE LAS ORGANIZACIONES INDUSTRIALES : 12. An&#xE1;lisis de ventajas competitivas - 13. Estrategias industriales de mercado - 14. Las alianzas empresariales - 15. De las estrategias de alianza a las alianzas estrat&#xE9;gicas - 16. La valoraci&#xF3;n estrat&#xE9;gica de la tecnolog&#xED;a. </subfield>
  </datafield>
  <datafield tag="942" ind1=" " ind2=" ">
    <subfield code="c">BK</subfield>
  </datafield>
  <datafield tag="590" ind1=" " ind2=" ">
    <subfield code="a">niveau_biblio:m niveau_hierar:0</subfield>
  </datafield>
  <datafield tag="100" ind1="1" ind2=" ">
    <subfield code="a">Morcillo Ortega, Patricio</subfield>
  </datafield>
  <datafield tag="700" ind1="1" ind2=" ">
    <subfield code="a">Bueno Campos, Eduardo</subfield>
  </datafield>
  <datafield tag="856" ind1="4" ind2="1">
    <subfield code="u">https://www.biblioeco.unsa.edu.ar/pmb/images/libros/L127426.jpg</subfield>
    <subfield code="y">Imagen de portada</subfield>
    <subfield code="q">image/jpeg</subfield>
  </datafield>
  <datafield tag="999" ind1=" " ind2=" ">
    <subfield code="c">4314</subfield>
    <subfield code="d">4314</subfield>
  </datafield>
  <datafield tag="952" ind1=" " ind2=" ">
    <subfield code="0">0</subfield>
    <subfield code="1">0</subfield>
    <subfield code="4">0</subfield>
    <subfield code="7">0</subfield>
    <subfield code="a">BCEJYS</subfield>
    <subfield code="b">BCEJYS</subfield>
    <subfield code="c">16</subfield>
    <subfield code="d">2026-04-07</subfield>
    <subfield code="l">0</subfield>
    <subfield code="o">330.342.22 B928</subfield>
    <subfield code="p">L127426</subfield>
    <subfield code="r">2026-04-07 15:57:40</subfield>
    <subfield code="w">2026-04-07</subfield>
    <subfield code="y">L</subfield>
  </datafield>
  <datafield tag="952" ind1=" " ind2=" ">
    <subfield code="0">0</subfield>
    <subfield code="1">0</subfield>
    <subfield code="4">0</subfield>
    <subfield code="7">0</subfield>
    <subfield code="a">BCEJYS</subfield>
    <subfield code="b">BCEJYS</subfield>
    <subfield code="c">16</subfield>
    <subfield code="d">2026-04-07</subfield>
    <subfield code="l">0</subfield>
    <subfield code="o">330.342.22 B928</subfield>
    <subfield code="p">L128186</subfield>
    <subfield code="r">2026-04-07 15:57:40</subfield>
    <subfield code="w">2026-04-07</subfield>
    <subfield code="y">L</subfield>
  </datafield>
</record>
